000 00634nam a2200241Ia 4500
003 OSt
005 20220924132009.0
006 a|||||r|||| 00| 0
007 ta
008 220923b |||||||| |||| 00| 0 tel d
024 _a339510
037 _cTextual
040 _aARTS
_cARTS
_btel
041 _2tel
_atel
082 _a035,2M94x, K2
100 _aChalam Au.
_9198333
245 0 _aNatikaguchamu
260 _aVijaywada
_bDeshikavitha Mandali India
_c1962
300 _a168p.
_ccm.
650 _aTELUGU LITERATURE
942 _h035,2M94x, K2
_cTEXL
_2CC
999 _c428948
_d428948